000 00583nam a2200193Ia 4500
005 20250923145653.0
008 008 250917s9999 xx 000 0 eng d
037 _aTextual
040 _aDSWL
_beng
_cDSWL
041 _aeng
_2eng
084 _aG:55:(JB).2, N84
_qDSWL
245 0 _aSocial forestry in India : Prodessings and Prospects
_c by Birla Instt. of Scientific Research
260 _aNew
_bDelhi Radiant
_c1984
300 _axi,153 p.
365 _aINR
_b76.50
925 _g76.50
942 _cTEXL
_hG:55:(JB).2, N84
999 _c1454175
_d1454175